Le problème tunisien reste entier (Record no. 567729)
[ view plain ]
| 000 -CABECERA | |
|---|---|
| Campo de control de longitud fija | 00409nab a2200145Ia 4500 |
| 003 - IDENTIFICADOR DEL NÚMERO DE CONTROL | |
| Campo de control | ES-SlBCS |
| 005 - FECHA Y HORA DE LA ÚLTIMA TRANSACCIÓN | |
| Campo de control | 20210601131727.0 |
| 008 - CÓDIGOS DE INFORMACIÓN DE LONGITUD FIJA | |
| Campo de control de longitud fija | 140529s1952 xxu||||| |||| 00| 0 fre d |
| 041 ## - CÓDIGO DE LENGUA | |
| Código de lengua del texto/banda sonora o título independiente | fre |
| 100 1# - PUNTO DE ACCESO PRINCIPAL-NOMBRE DE PERSONA | |
| Nombre de persona | Luzy, Georges |
| 9 (RLIN) | 188323 |
| 245 00 - MENCIÓN DE TÍTULO | |
| Título | Le problème tunisien reste entier |
| Mención de responsabilidad, etc. | Georges Luzy |
| 651 #4 - PUNTO DE ACCESO ADICIONAL DE MATERIA-NOMBRE GEOGRÁFICO | |
| Nombre geográfico | Túnez |
| 9 (RLIN) | 170629 |
| 773 0# - ENLACE AL DOCUMENTO FUENTE | |
| Título | Vie Intelectuelle (La) |
| Parte(s) relacionada(s) | nº. 2, 1952, págs. 84-85 |
| Número de control del registro relacionado | Rev907 |
| 942 ## - ENTRADA DE ELEMENTOS AGREGADOS (KOHA) | |
| Koha [por defecto] tipo de item | Artículos de revista |
| Suprimido | Perdido | Estropeado | No para préstamo | Localización permanente | Localización actual | Localización en estantería | Fecha adquisición | Préstamos totales | Fecha última consulta | Fecha del precio de reemplazo | Tipo de item de Koha |
|---|---|---|---|---|---|---|---|---|---|---|---|
| San Esteban | San Esteban | Depósito de revistas | 11/07/2014 | 11/07/2014 | 11/07/2014 | Artículos de revista |
